Inventing English : a portable history of the language (Record no. 220457)

MARC details
000 -LEADER
fixed length control field 00840nam a2200253Ia 4500
008 - FIXED-LENGTH DATA ELEMENTS--GENERAL INFORMATION
fixed length control field 191130s2007##################000#0#eng##
020 ## - INTERNATIONAL STANDARD BOOK NUMBER
ISBN 9780231137942
082 ## - DEWEY DECIMAL CLASSIFICATION NUMBER
Classification number 420.9 LER
100 ## - MAIN ENTRY--AUTHOR NAME
Personal name Lerer, Seth
245 ## - TITLE STATEMENT
Title Inventing English : a portable history of the language
Statement of responsibility, etc Seth Lerer
260 ## - PUBLICATION, DISTRIBUTION, ETC. (IMPRINT)
Place of publication New York
Name of publisher Columbia University Press
Year of publication c2007
300 ## - PHYSICAL DESCRIPTION
Number of Pages viii, 305 p. : ill. ; 24 cm
500 ## - GENERAL NOTE
General note Includes bibliographical references (p. 277-287) and index
650 ## - SUBJECT ADDED ENTRY--TOPICAL TERM
Topical Term English language - Etymology
Topical Term English language - History
Topical Term English language - Middle English, 1100-1500
Topical Term English language - Old English, ca. 450-1100
Topical Term Linguistics
991 ## -
-- 393059
Holdings
Withdrawn status Lost status Damaged status Not for loan Home library Current library Shelving location Date acquired Full call number Accession Number Price effective from Koha item type
        Anna Centenary Library Anna Centenary Library 4TH FLOOR, B WING 13.10.2020 420.9 LER 167088 13.10.2020 English Books

Find us on the map